| 000 -CABECERA |
| fixed length control field |
01526nam a22003017a 4500 |
| 003 - IDENTIFICADOR DEL NÚMERO DE CONTROL |
| control field |
AR-CdUCM |
| 008 - DATOS DE LONGITUD FIJA--INFORMACIÓN GENERAL |
| fixed length control field |
190225b ||||| |||| 00| 0 spa d |
| 040 ## - FUENTE DE LA CATALOGACIÓN |
| Agencia/entidad que catalogó originalmente la obra |
MUNICIPALIDAD PROVINCIAL DEL CUSCO |
| Entidad que transcribió la catalogación |
BIBLIOTECA MUNICIPAL DEL CUSCO |
| 082 ## - NÚMERO DE LA CLASIFICACIÓN DECIMAL DEWEY |
| No. de Clasificación |
943 / |
| Notacion interna |
T79 |
| 100 ## - ENTRADA PRINCIPAL--NOMBRE DE PERSONA |
| Nombre Personal |
Treue, Wilhelm |
| 245 ## - MENCIÓN DE TÍTULO |
| Título |
Historia de Alemania / |
| 260 ## - PUBLICACIÓN, DISTRIBUCIÓN, ETC. |
| Lugar de publicación, distribución, etc. |
Mexico : |
| Nombre de la editorial, distribuidor, etc. |
Uteha , |
| Fecha de publicación, distribución, etc. |
1964. |
| 300 ## - DESCRIPCIÓN FÍSICA |
| Nº de Páginas Extensión |
7 tomos ; |
| Otros detalles físicos |
ilustraciones, mapas, |
| Dimensiones |
17 cm. |
| 440 ## - MENCIÓN DE SERIE/PUNTO DE ACCESO ADICIONAL--TÍTULO |
| Título |
Manuales Uteha. |
| Número de la parte/sección de una obra |
208 |
| 9 (RLIN) |
2181 |
| 440 ## - MENCIÓN DE SERIE/PUNTO DE ACCESO ADICIONAL--TÍTULO |
| Título |
Historia de Alemania Sección . |
| Número de la parte/sección de una obra |
10 |
| 9 (RLIN) |
2182 |
| 505 ## - NOTA DE CONTENIDO CON FORMATO |
| Nota de contenido formateada |
Contenido: t.3: El restablecimiento de la monarquía -- La disolución del reino -- El ascenso de Austria -- t.4: En la época de la reforma de la contra reforma y de la guerra de los 30 años -- t.5: reconstrucción política y espiritual, entre la guerra de los 30 años y la muerte de Luis XIV, estados alemanes medianos y pequeños -- t.6: El siglo XVIII como unidad, El equilibrio europeo de 1714 a 1740 -- Prusia, Austria bajo Cárlos VI, Los sucesos del año 1740, Los comienzos de Federíco el grande ... |
| 650 ## - PUNTO DE ACCESO ADICIONAL DE MATERIA--TÉRMINO DE MATERIA |
| Descriptor |
Historia Universal. |
| 9 (RLIN) |
1423 |
| 650 ## - PUNTO DE ACCESO ADICIONAL DE MATERIA--TÉRMINO DE MATERIA |
| Descriptor |
Revolución Alemana. |
| 9 (RLIN) |
2183 |
| 650 ## - PUNTO DE ACCESO ADICIONAL DE MATERIA--TÉRMINO DE MATERIA |
| Descriptor |
Historia de Alemania. |
| 9 (RLIN) |
2184 |
| 650 ## - PUNTO DE ACCESO ADICIONAL DE MATERIA--TÉRMINO DE MATERIA |
| Descriptor |
Prusia . |
| 9 (RLIN) |
2185 |
| 700 ## - PUNTO DE ACCESO ADICIONAL--NOMBRE DE PERSONA |
| Nombre Personal |
Ibarra enciondo, Luis |
| 9 (RLIN) |
2186 |
| 700 ## - PUNTO DE ACCESO ADICIONAL--NOMBRE DE PERSONA |
| Nombre Personal |
Gerhard, Carlos (traductores) |
| 9 (RLIN) |
2187 |
| 700 ## - PUNTO DE ACCESO ADICIONAL--NOMBRE DE PERSONA |
| Nombre Personal |
Dannenbauer, Johannes (revisado) |
| 9 (RLIN) |
2188 |
| 942 ## - ELEMENTOS DE PUNTO DE ACCESO ADICIONAL (KOHA) |
| Fuente de clasificación |
|
| Tipo de item |
Libros-BMC |
| 945 ## - PROCESAMIENTO DE INFORMACIÓN LOCAL (OCLC) |
| Catalogador |
wfj |
| AAAA-MM-DD - Fecha de ingreso o modificacion |
2019-02-25 |